MARC

LEADER 00000nam0a2200000 4500
001 62107
005 20231101212003.0
035 |a (RuTPU)RU\TPU\book\65819 
090 |a 62107 
100 |a 20040402d1972 m y0rusy50 ca 
101 0 |a rus 
102 |a RU 
105 |a a z 001zb 
200 1 |a Готфрид Лейбниц  |f И. С. Нарский 
210 |a Москва  |c Мысль  |d 1972 
215 |a 239 с.  |c ил. 
225 1 |a Мыслители прошлого 
300 |a На обл. авт. не указан 
320 |a Библиогр.: с. 235-238 
320 |a Указатель имен: с. 232-234 
600 1 |a Лейбниц  |g Готфрид Вильгельм  |f 1646-1716  |b Г. В.  |c немецкий философ, математик, физик, языковед  |2 stltpui  |3 (RuTPU)RU\TPU\pers\422 
606 1 |a Немецкая философия  |z 17 - 1 пол. 19 в.  |2 stltpush  |3 (RuTPU)RU\TPU\subj\45372  |9 64616 
610 1 |a философия 
610 1 |a немецкая философия 
610 1 |a немецкий идеализм 
610 1 |a 17 век 
610 1 |a 18 век 
686 |a Ю3(4Г)5  |v LBC/SL-A  |2 rubbk 
700 1 |a Нарский  |b И. С.  |g Игорь Сергеевич 
801 1 |a RU  |b 63413507  |c 20040402  |g PSBO 
801 2 |a RU  |b 63413507  |c 20141117  |g PSBO 
942 |c BK